000 00824cam a2200217 a 4500
001 000007288
005 20200929154124.0
008 911018s1939 ag 000 0 spa
040 _aDO-SdBNP
_cNRU
_dNRU
_dDLC
082 _a923.1
_bB641k
100 1 _aBlanco Víllalta, Jorge G.
_q(Jorge Gaston),
_d1909-
_920232
245 1 0 _aKemal Ataturk :
_bel dictador democratico, constructor de la nueva Turquía /
_cJ. G. Blanco Víllalta.
260 _aBuenos Aires :
_bClaridad,
_c1939.
300 _a516 p. ;
_c20 cm.
490 1 _aBiblioteca de Obras Famosas,
_vv. 32
600 1 0 _aAtaturk, Kemal,
_d1881-1938.
_920233
650 4 _aTurquía
_xPolítica y gobierno
_y1923-1938
_920234
651 4 _aTurquía
_xHistoria
_ySIGLO XX
_920235
830 0 _aBiblioteca de Obras Famosas,
_vv. 32
_920236
910 _aCatalogación por copia / LC
999 _c7069
_d7069